In search of your true self (Record no. 86982)

MARC details
000 -LEADER
fixed length control field 00522nam a2200193Ia 4500
005 - DATE AND TIME OF LATEST TRANSACTION
control field 20251118112220.0
008 - FIXED-LENGTH DATA ELEMENTS--GENERAL INFORMATION
fixed length control field 230125s9999 xx 000 0 und d
041 ## - LANGUAGE CODE
Language code of text/sound track or separate title eng
082 ## - DEWEY DECIMAL CLASSIFICATION NUMBER
Classification number 158.1
Item number SEN CHA
100 ## - MAIN ENTRY--PERSONAL NAME
Author Staples W
245 ## - TITLE STATEMENT
Title In search of your true self
260 ## - PUBLICATION, DISTRIBUTION, ETC.
Date of publication, distribution, etc. 1996
Name of publisher, distributor, etc. Magna books pub co.
Place of publication, distribution, etc. New Delhi
300 ## - PHYSICAL DESCRIPTION
Extent 379p
500 ## - GENERAL NOTE
Keywords Personality development
500 ## - GENERAL NOTE
Keywords Personality Development,
650 ## - SUBJECT ADDED ENTRY--TOPICAL TERM
Topical term or geographic name entry element Personality Development
700 ## - ADDED ENTRY--PERSONAL NAME
Personal name Staples W
942 ## - ADDED ENTRY ELEMENTS (KOHA)
Koha item type Books
Holdings
Withdrawn status Lost status Damaged status Not for loan Home library Current library Date acquired Vendor Net Price Total Checkouts Full call number Barcode Date last seen Actual Price Bill Date Koha item type Original Barcode
        Smt. Hiraben Nanavati Institute of Management & Research for Women Smt. Hiraben Nanavati Institute of Management & Research for Women 18/03/2002 Manneys Book seller 175.00   158.1 SEN/CHA B02965 HIMR-BK-2965 25/01/2023 175.00 18/03/2002 Books B02965